00722 a2200193 450000500170000001000130001702000230003003500130005303700160006608200150008210000220009724500410011926000560016027000890021630000220030594200340032799900190036195201480038020240516104948.0 aB-759033 a8189161962c750.00 aB-759033 bGift/Unesco a306.810954 aYadav, K.P966257 aChild Marriage in India/cK.P. Yadav aNew DelhibAdhyayan Publishers & Distributorsc2006 a4378/4B, 105 J.M.D House Murari Lal Street Ansari Road Darya GanjbNew Delhie110002 a303 p.c22cm (Hb) adplcEN2ddch306.810954mYAD c202868d202868 001040708NFICaBL1bBL1d2024-05-15eGift/10.5.24g750.00l0o306.810954 YADpB-759033r2024-05-15 00:00:00t1v750.00w2024-05-15yENzGift